LEADER 01176nam--2200361---450 001 990000369370203316 005 20220907095220.0 010 $a88-8114-434-4 035 $a0036937 035 $aUSA010036937 035 $a(ALEPH)000036937USA01 035 $a0036937 100 $a20010322d1997----km-y0ENGy0103----ba 101 $aita 102 $aIT 200 1 $aAtti dell'Accademia romanistica costantiniana$e11. Convegno internazionale in onore di Felix B.J. Wubbe 210 $aNapoli$cEdizioni scientifiche italiane$d1997 215 $a757 p.$c1 ritr.$d24 cm 300 $aTenuto a Perugia, Spello e Gubboi nel 1993. In testa al front.: Università degli studi di Perugia, Facoltà di giurisprudenza 410 $12001 454 $12001 606 0 $aProcesso romano$xCongressi$z1993 606 0 $aCongressi$yPerugia$z1993 606 0 $aWubbe, Felix B.J. 676 $a340.54 710 02$aAccademia romanistica Costantiniana$0240708 801 0$aIT$bsalbc$gISBD 912 $a990000369370203316 951 $aX 18 IV 11$b13548 G.$cX 18 959 $aBK 969 $aGIU 996 $aAtti dell'Accademia romanistica costantiniana$9243398 997 $aUNISA LEADER 03258nam 2200625Ia 450 001 9910969408903321 005 20200520144314.0 010 $a9780674036703 010 $a0674036700 024 7 $a10.4159/9780674036703 035 $a(CKB)1000000000805448 035 $a(StDuBDS)AH23050684 035 $a(Au-PeEL)EBL3300506 035 $a(CaPaEBR)ebr10318502 035 $a(OCoLC)923112094 035 $a(DE-B1597)574439 035 $a(DE-B1597)9780674036703 035 $a(MiAaPQ)EBC3300506 035 $a(Perlego)1148379 035 $a(EXLCZ)991000000000805448 100 $a19990105d1999 uy 0 101 0 $aeng 135 $aur||||||||||| 181 $ctxt$2rdacontent 182 $cc$2rdamedia 183 $acr$2rdacarrier 200 10$aAncient Greek love magic /$fChristopher A. Faraone 205 $a1st ed. 210 $aCambridge, Mass. $cHarvard University Press$d1999 215 $a1 online resource (xii,223p.) 311 08$a9780674033207 311 08$a0674033205 311 08$a9780674006966 311 08$a0674006968 320 $aIncludes bibliographical references (p. 183-203) and indexes. 327 $tFrontmatter -- $tContents -- $tPreface -- $t1 Introduction -- $t2 Spells for Inducing Uncontrollable Passion (Ero?s) -- $t3 Spells for Inducing Affection (Philia) -- $t4 Some Final Thoughts on History, Gender, and Desire -- $tGlossary -- $tAbbreviations -- $tBibliography -- $tSubject Index -- $tIndex of Foreign Words -- $tIndex of Passages from Ancient Authors -- $tIndex of Magical Texts 330 $aThe ancient Greeks commonly resorted to magic spells to attract and keep lovers. Surveying and analyzing various texts and artifacts, the author reveals that gender is the crucial factor in understanding love spells. 330 $bThe ancient Greeks commonly resorted to magic spells to attract and keep lovers - as numerous allusions in Greek literature and recently discovered "voodoo dolls", magical papyri, gemstones, and curse tablets attest. Surveying and analyzing these various texts and artefacts, the author reveals that gender is a crucial factor in understanding love spells. He argues that there are two types of love magic: the curselike charms used primarily by men to torture unwilling women with fiery and maddening passion until they surrender sexually; and the binding spells and debilitating potions generally used by women to sedate angry or philandering husbands and make them more affectionate. The author's analysis of these spells also yields a number of insights about the construction of gender in antiquity. Most significantly, his findings challenge the modern view that all Greek men considered women to be naturally lascivious. 606 $aMagic, Greek 606 $aLove$zGreece$xHistory 606 $aSex role$zGreece$xHistory 606 $aSex$zGreece$xHistory 615 0$aMagic, Greek. 615 0$aLove$xHistory. 615 0$aSex role$xHistory. 615 0$aSex$xHistory. 676 $a133.4420938 700 $aFaraone$b Christopher A$0223741 801 0$bMiAaPQ 801 1$bMiAaPQ 801 2$bMiAaPQ 906 $aBOOK 912 $a9910969408903321 996 $aAncient greek love magic$9753339 997 $aUNINA LEADER 02715nam 2200685Ia 450 001 9910961015903321 005 20260109223918.0 010 $a1-282-46584-8 010 $a9786612465840 010 $a0-19-971735-4 035 $a(CKB)2670000000012059 035 $a(EBL)480665 035 $a(OCoLC)550692714 035 $a(SSID)ssj0000343630 035 $a(PQKBManifestationID)11244854 035 $a(PQKBTitleCode)TC0000343630 035 $a(PQKBWorkID)10291715 035 $a(PQKB)10736912 035 $a(MiAaPQ)EBC480665 035 $a(Au-PeEL)EBL480665 035 $a(CaPaEBR)ebr10367831 035 $a(CaONFJC)MIL246584 035 $a(FINmELB)ELB165696 035 $a(EXLCZ)992670000000012059 100 $a20090909d2010 uy 0 101 0 $aeng 135 $aur|n|---||||| 181 $ctxt 182 $cc 183 $acr 200 10$aTheodor Seuss Geisel /$fDonald E. Pease 205 $a1st ed. 210 $aNew York $cOxford University Press$dc2010 215 $a1 online resource (193 p.) 225 1 $aLives and legacies 300 $aDescription based upon print version of record. 311 08$a0-19-061452-8 311 08$a0-19-532302-5 320 $aIncludes bibliographical references and index. 327 $aContents; Preface; One: DR. SEUSS'S PASSAGE HOME; Two: BECOMING DR. SEUSS; Three: DR. SEUSS RETURNS; Four: DR. SEUSS AND HELEN GEISEL'S EMPIRE; Five: DR. SEUSS'S LEGACY; Acknowledgments; Notes; Index 330 $aDr. Seuss' infectious rhymes, his blue-tufted, strong-willed creatures, and his knack for pithy, roundabout plots have been entertaining children and adults for decades. And as Donald Pease shows in this marvelous biography, the seemingly haphazard trajectory of Theodor Geisel's life bears a close resemblance to the zigzag plot lines of his children's books. Here is an engaging look at a man who indeed lived a zigzag life, by turns a cartoonist, ad agency artist (for Flit bug killer), author, caricaturist, documentary-film writer and producer, political cartoonist, and editor. Pease follows Ge 410 0$aLives and legacies. 606 $aAuthors, American$y20th century$vBiography 606 $aIllustrators$zUnited States$vBiography 606 $aChildren's literature$xAuthorship 615 0$aAuthors, American 615 0$aIllustrators 615 0$aChildren's literature$xAuthorship. 676 $a813 676 $a813.52 676 $a813.54 676 $a813/.52 700 $aPease$b Donald E$01796189 801 0$bMiAaPQ 801 1$bMiAaPQ 801 2$bMiAaPQ 906 $aBOOK 912 $a9910961015903321 996 $aTheodor Seuss Geisel$94527285 997 $aUNINA